000 00607nam a2200205Ia 4500
003 GCL
008 140319s9999 xx 000 0 ara d
040 _aGCL /
_cGCL
082 0 4 _a332.6
_bم ف
100 1 _aمنير ابراهيم هندى
245 1 0 _aالفكر الحديث فى الاستثمار /
_cمنير ابراهيم هندى
300 _a821 ص
490 _aسلسلة الفكر الحديث
_v0
650 0 4 _aالاستثمار
650 0 4 _aالادارة المالية
650 0 4 _aالقروض
650 0 4 _aراس المال
650 0 4 _aالتمويل
942 _2ddc
_cBK
999 _c52115
_d52115